-
ARUNACHALAM, DR.G. & CHRISTI, DR. V.E.IDA AND KUMAR, DR. PRASHANT
Entry Personal Name
Number of records used in: 1
001 - CONTROL NUMBER
003 - CONTROL NUMBER IDENTIFIER
005 - DATE AND TIME OF LATEST TRANSACTION
- control field:
20240918161553.0
008 - FIXED-LENGTH DATA ELEMENTS
- fixed length control field:
240918|| aca||aabn | a|a d
040 ## - CATALOGING SOURCE
- Original cataloging agency:
JRU
- Transcribing agency:
JRU
100 ## - HEADING--PERSONAL NAME
- Personal name:
ARUNACHALAM, DR.G. & CHRISTI, DR. V.E.IDA AND KUMAR, DR. PRASHANT
670 ## - SOURCE DATA FOUND
- Source citation:
Work cat.: (JRU)8666: ARUNACHALAM, DR.G. & CHRISTI, DR. V.E.IDA AND KUMAR, DR. PRASHANT , HERBAL DRUG TECHNOLOGY [ B. PHARMA, 6TH SEMESTER ]